000 00886cac a2200265 a 4500
003 Co-PeBPM
005 20241106152201.0
008 231129e2017||||xx |||||||||||||| ||spa||
020 _a9789584263704
040 0 _aCo-PeBPM
_bspa
_cCo-PeBPM
_erda
041 _aspa
082 0 4 _a303.69 R173v
100 1 _aRamírez Hernández, Nerieth Andrea
245 1 0 _a¿Venganza o perdón?
_b : Un camino hacia la reconciliación
_c/ Nerieth Andrea Ramírez Hernández
250 _aPrimera edición
260 _aBogotá, Colombia
_b: Editorial planeta
_c, 2017
264 _aBogotá Colombia : Planeta
300 _a281 páginas
_c; 24 centímetros
490 _aAriel. Historia
504 _aIncluye bibliografías
650 1 4 _2LEMB
_aPaz
_zColombia
650 1 4 _2LEMB
_aAmnistía
_zColombia
650 1 4 _2LEMB
_aViolencia colombiana
942 _2ddc
_cBK
999 _c26170
_d26170